| 000 | 00680nam a2200217 u 4500 | ||
|---|---|---|---|
| 005 | 20251104063908.0 | ||
| 008 | 151016s2013 r 000 0 eng d | ||
| 035 | _aUPN01000206045 | ||
| 049 | _aCG | ||
| 050 | 4 |
_aBL2747.8 _bR8.4 |
|
| 100 | 1 |
_aRuiz Miguel, Alfonso _938586 |
|
| 245 | 1 | 0 |
_aLaicidad y Constitución / _cAlfonso Ruiz Miguel. |
| 260 |
_aMéxico : _bUNAM, Instituto de Investigaciones Jurídicas, _c2013. |
||
| 300 | _a69 p. | ||
| 440 | 0 |
_aCuadernos "Jorge Carpizo". _pPara entender y pensar la laicidad ; _v8 |
|
| 650 | 4 |
_aSECULARISMO _98612 |
|
| 650 | 4 |
_aIglesia y Estado _922909 |
|
| 650 | 2 |
_aLibertad religiosa _922910 |
|
| 905 | _aLibro | ||
| 999 |
_c178146 _d178146 |
||